Bairros de Curitiba - Statistics

Estatísticas Gerais
  • Esse quiz foi jogado 480 vezes
  • A pontuação média é 44 de 75
Estatísticas das Respostas
Bairro % Correto
Centro
95%
Batel
88%
Água Verde
86%
Portão
83%
Santa Felicidade
83%
Boqueirão
79%
Cidade Industrial
78%
Pinheirinho
77%
Capão Raso
74%
Hauer
73%
Champagnat
71%
Centro Cívico
70%
Jardim Botânico
70%
Santa Cândida
70%
Xaxim
70%
Alto Boqueirão
69%
Jardim das Américas
69%
Ahú
68%
Cabral
68%
Campo Comprido
68%
Alto da XV
67%
Rebouças
67%
Mercês
66%
Fazendinha
65%
Juvevê
65%
Uberaba
65%
Alto da Glória
64%
Bairro Alto
64%
Bacacheri
63%
Cajuru
63%
Novo Mundo
63%
Sítio Cercado
62%
Capão da Imbuia
61%
Jardim Social
61%
Boa Vista
60%
Campina do Siqueira
60%
Mossunguê
60%
Umbará
60%
Pilarzinho
59%
Abranches
57%
Parolin
57%
Santa Quitéria
56%
Tarumã
56%
Tatuquara
56%
Fanny
55%
Cristo Rei
54%
Barreirinha
53%
São Francisco
53%
Vila Izabel
53%
Hugo Lange
51%
Orleans
51%
Tingui
51%
Atuba
50%
Prado Velho
50%
São Braz
50%
Guabirotuba
49%
São Lourenço
49%
Caximba
46%
Santo Inácio
46%
Seminário
46%
Vista Alegre
46%
Bom Retiro
45%
Guaíra
45%
Cachoeira
44%
Butiatuvinha
43%
Ganchinho
43%
Campo de Santana
42%
Lindóia
42%
Cascatinha
40%
São João
40%
Augusta
38%
Taboão
38%
São Miguel
36%
Lamenha Pequena
35%
Riviera
34%
Nenhum quiz correspondente encontrado
Distribuição das Pontuações
Porcentagem de Pessoas com Cada Pontuação
Percentil de Números Respondidos
Sua Pontuação Histórica
Você não jogou esse quiz